| Tag |
First Indicator |
Second Indicator |
Subfields |
| LEADER |
00000pam a2200000 a 4500 |
| 001 |
in00000097005 |
| 005 |
20150924084901.0 |
| 008 |
820203s1982 nju b 00110 eng |
| 010 |
|
|
|a 82001985
|
| 020 |
|
|
|a 0878554513 :
|c $19.95
|
| 035 |
|
|
|a (OCoLC)08195191
|
| 035 |
|
|
|9 AAK8873AM
|
| 039 |
0 |
|
|a 2
|b 3
|c 3
|d 3
|e 3
|
| 040 |
|
|
|a DLC
|c DLC
|d TXA
|d UtOrBLW
|
| 049 |
|
|
|a TXAM
|c [1633448]
|
| 050 |
0 |
0 |
|a JA76
|b L46 1982
|
| 082 |
0 |
|
|a 303.3/7
|2 19
|
| 100 |
1 |
|
|a Lewy, Guenter,
|d 1923-
|
| 245 |
1 |
0 |
|a False consciousness :
|b an essay on mystification /
|c Guenter Lewy.
|
| 264 |
|
1 |
|a New Brunswick :
|b Transaction Books,
|c [1982]
|
| 264 |
|
4 |
|c ©1982
|
| 300 |
|
|
|a ix, 134 pages ;
|c 24 cm.
|
| 336 |
|
|
|a text
|b txt
|2 rdacontent
|
| 337 |
|
|
|a unmediated
|b n
|2 rdamedia
|
| 338 |
|
|
|a volume
|b nc
|2 rdacarrier
|
| 504 |
|
|
|a Includes bibliographical references and index.
|
| 650 |
|
0 |
|a Political socialization.
|
| 650 |
|
0 |
|a Consciousness.
|
| 650 |
|
0 |
|a Political socialization
|z Communist countries.
|
| 650 |
|
0 |
|a Capitalism.
|
| 650 |
|
0 |
|a Democracy.
|
| 999 |
|
|
|a MARS
|
| 999 |
f |
f |
|s 92fead37-548f-3a25-90c5-2ff654ee81c8
|i 28b57d41-05e8-3562-b962-e5f909119bfe
|t 0
|
| 952 |
f |
f |
|p ric
|a Texas A&M University
|b Rellis Campus
|c Joint Library Facility
|d Remote Storage
|t 0
|e JA76 .L46 1982
|h Library of Congress classification
|i unmediated -- volume
|m A14806026221
|
| 998 |
f |
f |
|a JA76 .L46 1982
|t 0
|l Remote Storage
|